| 000 | 01065cam a2200361Ia 4500 | ||
|---|---|---|---|
| 999 |
_c47925 _d47925 |
||
| 003 | BJBSDDR | ||
| 005 | 20230410115802.0 | ||
| 007 | ta | ||
| 008 | 080103s2002 bl b 000 0 por d | ||
| 020 | _a8522503931 | ||
| 020 | _a9788522503933 | ||
| 035 | _a(OCoLC)ocm54402258 | ||
| 035 | _a(OCoLC)54402258 | ||
| 040 |
_aNYP _cNYP _bspa |
||
| 041 | _apor | ||
| 050 | 1 | 4 |
_aH 61 _bD671i 2002 |
| 082 | _a301.01 | ||
| 100 | 1 | _aDomingues, José Maurício | |
| 245 | 1 | 0 |
_aInterpretando a modernidade : _bimaginário e instituicóes / _cJosé Maurício Domingues. |
| 260 |
_aRio de Janeiro : _bFGV Editora, _c2002. |
||
| 300 |
_a337 p. ; _c23 cm. |
||
| 504 | _aIncludes bibliographical references (p. [320]-337). | ||
| 650 | 0 |
_aSociology _xPhilosophy. |
|
| 650 | 0 | _aLiberty. | |
| 650 | 0 | _aEquality. | |
| 650 | 0 | _aSolidarity. | |
| 650 | 4 |
_aCiencias sociales _910580 _xFilosofía |
|
| 650 | 4 |
_aSociología _94395 _xFilosofía |
|
| 650 | 4 |
_aPostmodernismo _910581 _xAspectos sociales |
|
| 650 | 4 |
_aSolidaridad _95989 |
|
| 942 |
_2lcc _cBK |
||
| 946 | _amjcruz | ||